Κατάλογος Βιβλιοθηκών Mediterranean College

Beyond Quality in Early Childhood Education and Care (Record no. 8177)

MARC details
000 -LEADER
fixed length control field 01386cam a22002294a 4500
005 - ΗΜΕΡΟΜΗΝΙΑ ΚΑΙ ΩΡΑ ΤΕΛΕΥΤΑΙΑΣ ΕΝΗΜΕΡΩΣΗΣ
Πεδίο ελέγχου 20250605164328.0
008 - FIXED-LENGTH DATA ELEMENTS--GENERAL INFORMATION
Πεδίο ελέγχου σταθερού μήκους 250528s ||||||||||||||||||||||||d
035 ## - SYSTEM CONTROL NUMBER
System control number 23147
020 ## - ISBN
ISBN 9780415418492
040 ## - ΠΗΓΗ ΚΑΤΑΛΟΓΟΓΡΑΦΗΣΗΣ
Φορέας πρωτότυπης καταλογογράφησης MC Athens Campus Library
Γλώσσα καταλογογράφησης Ελληνικά, Μοντέρνα (1453-)
Modifying agency MC Athens Campus Library
Κανόνες περιγραφικής καταλογογράφησης AACR2
245 1# - ΤΙΤΛΟΣ ΚΑΙ ΔΗΛΩΣΗ ΥΠΕΥΘΥΝΟΤΗΤΑΣ
Τίτλος Beyond Quality in Early Childhood Education and Care
250 ## - EDITION STATEMENT
Edition statement 2nd
260 ## - PUBLICATION, DISTRIBUTION, ETC.
Name of publisher, distributor, etc. Routledge - Taylor & Francis Group,
Date of publication, distribution, etc. 2007
300 ## - PHYSICAL DESCRIPTION
Extent 206
520 ## - SUMMARY, ETC.
Summary, etc. The book challenges many of the basic assumptions and assertions of mainstream early childhood policy and practice, showing that there are other possibilities - and therefore choices to be made. Preface, Acknowledgements, What This Book is about, Theoretical Persectives: Modernity and Postmodernity and Power and Ethics, Constructing Early Childhood: What Do We Think It Is?, Constructing the Early Childhood Institution: What Do We Think They Are For?, Beyond the Discourse of Quality to the Discourse of Meaning Making, The Stockholm Project: Constructing a Pedagogy that Speaks in the Voice of the Child and the Pedagogue and the Parent, Pedagogical Documentation: A Practice for Reflection and Democracy, Minority Directions in the Majority World: Threats and Possibilities, References, Index.
700 1# - ΠΡΟΣΘΕΤΗ ΑΝΑΓΡΑΦΗ--ΦΥΣΙΚΟ ΠΡΟΣΩΠΟ
Personal name Gunilla Dahlbeg
9 (RLIN) 5435
700 1# - ΠΡΟΣΘΕΤΗ ΑΝΑΓΡΑΦΗ--ΦΥΣΙΚΟ ΠΡΟΣΩΠΟ
Personal name Moss Peter
9 (RLIN) 5422
700 1# - ΠΡΟΣΘΕΤΗ ΑΝΑΓΡΑΦΗ--ΦΥΣΙΚΟ ΠΡΟΣΩΠΟ
Personal name Pence Alan
9 (RLIN) 8717
942 ## - ADDED ENTRY ELEMENTS (KOHA)
Koha item type Books
Holdings
Τύπος τεκμηρίου Βιβλιοθήκη Τρέχουσα τοποθεσία Barcode Αριθμός εισαγωγής Ημερομηνία απόκτησης Ταξιθετικό σύμβολο Αριθμός αντιτύπου Κατάσταση απόσυρσης Κατάσταση χαμένου Κατάσταση κατεστραμμένου Μη δανεισμός Σύνολο δανεισμών Ημερομηνία τελευταίας εμφάνισης Η τιμή ισχύει από
Books MC Athens Campus Library MC Athens Campus Library 9780000081766 7673 05/06/2025 372.21 DAH 1           05/06/2025 05/06/2025

MC Athens Campus Library
Πατησίων 94 & Κοδριγκτώνος 13, 104 34
Πελλήνης 8 & Πατησίων 107, 112 51
Τ: +30 210 8899600

MC Thessaloniki Campus Library
Ίωνος Δραγούμη 21, 54625 | Ίωνος Δραγούμη 15, 54625
Τ: +30 2310 287779 – Τ: +30 2314 440300